LIBRARY & INFORMATION CENTRE, KCAET, TAVANUR

ONLINE PUBLIC ACCESS CATALOGUE (OPAC)

Aesthetic / (Record no. 5124)

MARC details
000 -LEADER
fixed length control field 00345cam a2200145ua 4500
041 ## - LANGUAGE CODE
Language code of text/sound track or separate title eng
082 ## - DEWEY DECIMAL CLASSIFICATION NUMBER
Classification number 801.93
Item number CRO/AE
100 ## - MAIN ENTRY--AUTHOR NAME
Personal name Croce, Benedetto .
245 ## - TITLE STATEMENT
Title Aesthetic /
260 ## - PUBLICATION, DISTRIBUTION, ETC. (IMPRINT)
Place of publication London :
Name of publisher Vision Press ,
Year of publication 1962.
300 ## - PHYSICAL DESCRIPTION
Number of Pages 503 ; .
942 ## - ADDED ENTRY ELEMENTS (KOHA)
Koha item type Books
Holdings
Withdrawn status Lost status Damaged status Home library Current library Date acquired Full call number Accession Number Koha item type Public note
Withdrawn     KAUAET Malayalam University 07/04/2012 801.93 6125 Books Transferred to Malayalam University
free website counter